000 00468nam a2200205Ia 4500
003 OSt
005 20220924135008.0
006 a|||||r|||| 00| 0
007 ta
008 220923b |||||||| |||| 00| 0 ben d
024 _a288182
037 _cTextual
040 _aARTS
_cARTS
_bben
041 _2ben
_aben
082 _aN82:g, 157G8
245 0 _aDer sanger
260 _c1938
942 _hN82:g, 157G8
_cTEXL
_2CC
999 _c439388
_d439388